00377nam a2200145Ia 450000100060000000800410000602000180004704000130006508200220007810000210010024500830012126000090020430000110021354600070022410766140331s9999 xx 000 0 und d a0-06-270159-2 cPK-LaUMT a 613.04244bBRU-A aBrumberg, Elaine aAngless : What every woman needs to know to look good and fecBrumberg, Elaine c1997 a344 p. aEN